| 000 | 00475cam a22001931 4500 | ||
|---|---|---|---|
| 001 | sa 65010203 | ||
| 003 | DLC | ||
| 005 | 20260227112207.0 | ||
| 008 | 890403s1965 io 000 0 dut | ||
| 010 | _asa 65010203 | ||
| 035 | _a(OCoLC)23422832 | ||
| 040 |
_aDLC _cMiU _dDLC |
||
| 042 | _apremarc | ||
| 050 | 0 | 0 |
_aDS644 _b.2 1965.S77 |
| 100 | 0 |
_aSoekarno, _d1901-1970. |
|
| 245 | 1 | 0 | _aGo ahead! |
| 260 |
_aDjakarta, _bJajasan Pembaruan, _c1965. |
||
| 300 |
_a16 p. _c17 cm. |
||
| 999 |
_c66619 _d66619 |
||